Herliansky gejzír
| Hlavný autor: | |
|---|---|
| Médium: | Článok |
| Jazyk: | Slovak |
| Témy: | |
| Zdroj: |
1. Slovenské kúpele 1. Roč. 27, č. 2(1985), s. 29 |
| LEADER | 00702nab#a2200301#ar4500 | ||
|---|---|---|---|
| 001 | 000000721 | ||
| 003 | SVKKK | ||
| 005 | 00000000000000.0 | ||
| 008 | c xo e sloo | ||
| FMT | |||
| 038 | |a SVKKK | ||
| 040 | |a SVKKK |b slo |e AACR2 | ||
| 041 | 0 | |a slo | |
| 044 | |a xo |c SK | ||
| 080 | |a 551.2 |2 1981 | ||
| 100 | 1 | |a Lepka, Karel |4 aut | |
| 245 | 1 | 0 | |a Herliansky gejzír |c Lepka Karel, |
| 300 | |b Obr. 1 | ||
| 650 | 0 | 4 | |a gejzír, Herľany (KS) |x lokalizácia |x opisy |x dejiny |
| 773 | 0 | |t Slovenské kúpele |g Roč. 27, č. 2(1985), s. 29 | |
| 957 | |a Herľany | ||
| 958 | |a NA | ||
| 958 | |a RE | ||
| 974 | |d 960314 |a Čr | ||
| 992 | |a RBX | ||
| BAS | |||
| 852 | |a SVKKK |b BIB | ||
| 998 | |a GEO | ||